00859nam a2200241 a 4500001001000000003000900010005001700019007000300036008004100039020001500080040002500095082002400120100001600144245004700160260004500207300003600252500006600288504003200354650005400386650004700440650007000487650006000557000003537DO-SdBNP20250827135150.0ta090710s2004 dr ac 001 0 spa d a0974685534 aDO-SdBNPbspacBNPHU 4a972.9356bR741r2221 aRojas, Rosa10aRaíces de mi pueblo Licey /cRosa Rojas. aSanto Domingo :bAmigo del Hogar,c2004. a262 p. :bil., retrs. ;c22 cm. aIncluye datos biográficos de la autora en la contracubierta abibliografía : p. 263-264 4aLicey al Medio (República Dominicana)xHistoria 4aCiudades y pueblosxRepública Dominicana 4aLicey al Medio (República Dominicana)xVida social y costumbres 4aLicey al Medio (República Dominicana)xHistoria local